000 00332nam a2200133Ia 4500
008 191201s1993 xx 000 0 und d
082 _a677.02832
_bLEH
100 _aLEVIN, Menachem
245 0 _aHigh Technology Fibers Part C
260 _aNew York
_bMarcel Dekker
_c1993
300 _a376
650 _aB.Tech(TE)
942 _2ddc
_cBK
999 _c4502
_d4502